Analysis of the construction industry in the Slovak Republic by bankruptcy model

Enregistré dans:
Détails bibliographiques
Auteur principal: Rybárová, Daniela, 1967-
Autres auteurs: Braunová, Mária, Jantošová, Lucia
Format: Chapitre de livre
Langue:anglais
Tags: Ajouter un tag
Pas de tags, Soyez le premier à ajouter un tag!

MARC

LEADER 00000nla a2200000 4500
001 0220138
005 20240502083547.2
041 0 |a eng 
044 |a AE 
245 1 0 |a Analysis of the construction industry in the Slovak Republic by bankruptcy model  |c Daniela Rybárová, Mária Braunová, Lucia Jantošová 
500 |a Abstrakt 
100 1 |a Rybárová, Daniela, 1967- 
700 1 |a Braunová, Mária 
700 1 |a Jantošová, Lucia